9 Fictional Chinese Characters Quiz Stats

 Plays Quiz Updated Mar 9, 2020

Support Sporcle.
Go Orange.
Score 0/9 Timer 01:00
8 Plays Today
% Correct
Mulan
97%
Dr. Chen
85.1%
Mandarin
78.4%
Po
77.4%
Ling Woo
71.3%
Sammo Law
64.2%
Liu Kang
64.2%
Chon Wang
60.3%
Kwai Chang Caine
57.3%

From the Vault

AA to ZZ Images

by sproutcm

Certain letters lend themselves better to being paired with their twin.
Remove Ads.
Support Sporcle.
Get the best of Sporcle when you Go Orange. This ad-free experience offers more features, more stats, and more fun while also helping to support Sporcle. Thank you for becoming a member.

Show Comments

Extras

Top Quizzes Today


Score Distribution

Your Account Isn't Verified!

In order to create a playlist on Sporcle, you need to verify the email address you used during registration. Go to your Sporcle Settings to finish the process.

Report this User

Report this user for behavior that violates our Community Guidelines.

Details: